01830nab a22002897a 4500999001500000003000400015005001700019008004100036040000700077100003400084245019800118260007300316300001500389500007100404505044000475505013700915505008901052650003501141650002801176650002301204650005801227650003801285650003101323650003501354773013801389942001301527 c5647d5647OSt20251226213015.0190603e xxum|||| |||| 00| 0 spa d cPJ 94546aPietra, María Luciana10aAlcance de la participación de niños, niñas y adolescentes en los procesos judiciales y su armonización con el interés superior y la autonomía progresiva /cMaría Luciana Pietra.  cCiudad Autónoma de Buenos Aires :aThomson Reuters La Ley, b2025. ap. 153-162 aCita: TR LALEY AR/DOC/1059/2025 Publicado en: RCCyC 2025 (junio). aSumario: I. Encuadre fáctico del caso.— II. Participación de los niños, niñas y adolescentes en los procesos judiciales.— III. Armonización entre el ejercicio de la responsabilidad parental y el principio de la autonomía progresiva.— IV. Autorización para viajar. Elección del lugar de residencia.— V. El derecho de niños, niñas y adolescentes a gozar de patrocinio letrado.— VI. Consideraciones finales.  aFallo comentado: JFamilia 2a Nom., Córdoba ~ 20/12/2024 ~ T. F., T. c. T., A. J. s/ medidas provisionales personales - ley 10.305. t¿Te interesa el texto completo? Solicitalo al correo: koha@justierradelfuego.gov.ar 091497aCODIGO CIVIL Y COMERCIAL 09967aDERECHO DE FAMILIA 095662aADOLESCENTES 092741aDERECHOS DE LAS NIÑAS, NIÑOS Y ADOLESCENTES 094097aINTERES SUPERIOR DEL NIÑO 094378aDERECHO A SER OÍDO 091015aRESPONSABILIDAD PARENTAL0 0271393170dCiudad Autónoma de Buenos Aires : Thomson Reuters La Ley, 2015-tRevista Código Civil y Comercial. Nº 3 - Junio 2025 2udccANA